تطهير الإعتقاد عن أدران الإلحاد / (رقم التسجيلة. 18943)

تفاصيل مارك
000 -LEADER
fixed length control field 00731nam a22002057a 4500
005 - DATE AND TIME OF LATEST TRANSACTION
control field 20251108164958.0
008 - FIXED-LENGTH DATA ELEMENTS--GENERAL INFORMATION
fixed length control field 250721s1975 xx 000 0 ara d
082 14 - DEWEY DECIMAL CLASSIFICATION NUMBER
Classification number 214.1/صنع
100 1# - MAIN ENTRY--PERSONAL NAME
Personal name الصنعاني، محمد بن إسماعيل الأمير
245 10 - TITLE STATEMENT
Title تطهير الإعتقاد عن أدران الإلحاد /
264 1# - PRODUCTION, PUBLICATION, DISTRIBUTION, MANUFACTURE, AND COPYRIGHT NOTICE
Place of production, publication, distribution, manufacture المدينه المنوره :
Name of producer, publisher, distributor, manufacturer الجامعه الإسلاميه،
Date of production, publication, distribution, manufacture, or copyright notice 1975.
300 ## - PHYSICAL DESCRIPTION
Extent 54ص
490 0# - SERIES STATEMENT
Series statement مطبوعات الجامعه الإسلاميه ؛19
650 17 - SUBJECT ADDED ENTRY--TOPICAL TERM
Topical term or geographic name as entry element الإسلام
650 17 - SUBJECT ADDED ENTRY--TOPICAL TERM
Topical term or geographic name as entry element أصول الدين الإسلامي
650 17 - SUBJECT ADDED ENTRY--TOPICAL TERM
Topical term or geographic name as entry element التوحيد
700 1# - ADDED ENTRY--PERSONAL NAME
Personal name خفاجي، محمد عبد المنعم
Relator term شرح
942 ## - ADDED ENTRY ELEMENTS (KOHA)
Source of classification or shelving scheme Dewey Decimal Classification
Koha item type كتب
المقتنيات
حالة السحب حالة الفقدان مصدر التصنيف حالة التلف غير قابل للإعارة المكتبة الرئيسية المكتبة الحالية موقع الرف تاريخ التزويد الرقم المتسلسل Total Checkouts رقم الإستدعاء الباركود تاريخ آخر ظهور تاريخ الفاتورة نوع المادة (كوها)
    Dewey Decimal Classification Unchecked   مكتبة أم قصير والمقابلين العامة مكتبة أم قصير والمقابلين العامة الإعارة 28/07/2025 439551   214.1/صنع   28/07/2025 28/07/2025 كتب
    Dewey Decimal Classification     مكتبة الحسن العامة مكتبة الحسن العامة الإعارة 28/07/2025 439548   214.1/صنع 439548 28/07/2025 28/07/2025 كتب
    Dewey Decimal Classification Unchecked   مكتبة النصر العامة مكتبة النصر العامة الإعارة 28/07/2025 539554   214.1/صنع   28/07/2025 28/07/2025 كتب
    Dewey Decimal Classification     مكتبة حمزة العامة مكتبة حمزة العامة الإعارة 06/07/2004 439549   214.1/صنع 439549 28/07/2025 06/07/2004 كتب
Implemented & Customized by: BBB with SCIT (Smart Chains for Information Technology)

Powered by Koha